[Event "GER-chT School WK 4"]
[Site "Playchess.com INT"]
[Date "2020.06.16"]
[Round "5.4"]
[White "Di Pfeifer, Jasen"]
[Black "Woll, Theo"]
[Result "1/2-1/2"]
[WhiteElo "1483"]
[BlackElo "1527"]
[PlyCount "120"]
[EventDate "2020.06.16"]
[EventType "team-swiss (blitz)"]
[EventRounds "5"]
[EventCountry "GER"]
[SourceTitle "EXT 2021"]
[Source "ChessBase"]
[SourceDate "2020.10.23"]
[SourceVersion "1"]
[SourceVersionDate "2020.10.23"]
[SourceQuality "1"]
[WhiteTeam "Dresden Nexoe Gymn"]
[BlackTeam "Gernsheim Gymn"]
[WhiteTeamCountry "GER"]
[BlackTeamCountry "GER"]

1. e4 e5 2. Nf3 Nc6 3. d4 f6 4. Bc4 Nge7 5. 0-0 d6 6. a3 Bg4 7. d5 Nd4 8. Nbd2 g6 9. h3 Bxf3 10. Nxf3 Nxf3+ 11. Qxf3 Bg7 12. Be3 0-0 13. Rad1 Qd7 14. b3 b5 15. Bd3 f5 16. c4 fxe4 17. Qxe4 Nf5 18. cxb5 Nxe3 19. Qxe3 Rf4 20. g3 Rd4 21. f4 Qxh3 22. Rf2 Re8 23. Rh2 Qg4 24. Rhd2 Bf6 25. Be2 Qh3 26. Rxd4 exd4 27. Qxe8+ Kg7 28. Rd3 h5 29. Bf1 Qg4 30. Qe2 Qf5 31. Qg2 g5 32. fxg5 Bxg5 33. Rxd4 Be3+ 34. Kh2 Bxd4 35. Be2 Bf6 36. g4 hxg4 37. Bxg4 Be5+ 38. Kh1 Qb1+ 39. Qg1 Qe4+ 40. Bf3+ Qg6 41. Qxg6+ Kxg6 42. Kg2 Bb2 43. a4 Ba3 44. Kf2 Bc5+ 45. Ke2 Kf5 46. Kd3 Ba3 47. Be4+ Ke5 48. Bg6 c5 49. Be4 Bb4 50. Bf3 Ba5 51. Be4 Bb4 52. Bf3 Be1 53. Be4 Bg3 54. Bf3 Bf4 55. Be4 Bh2 56. Bf3 Bg3 57. Be4 Bf2 58. Bf3 Be1 59. Be4 Bf2 60. Bf3 Be1 1/2-1/2

[Event "GER-chT School WK 4"]
[Site "Playchess.com INT"]
[Date "2020.06.16"]
[Round "2.4"]
[White "Woll, Theo"]
[Black "George, Maximilian"]
[Result "0-1"]
[WhiteElo "1527"]
[BlackElo "1537"]
[PlyCount "106"]
[EventDate "2020.06.16"]
[EventType "team-swiss (blitz)"]
[EventRounds "5"]
[EventCountry "GER"]
[SourceTitle "EXT 2021"]
[Source "ChessBase"]
[SourceDate "2020.10.23"]
[SourceVersion "1"]
[SourceVersionDate "2020.10.23"]
[SourceQuality "1"]
[WhiteTeam "Gernsheim Gymn"]
[BlackTeam "Weimar Schiller Gymn"]
[WhiteTeamCountry "GER"]
[BlackTeamCountry "GER"]

1. d4 d5 2. Nf3 e6 3. Bf4 Nf6 4. Nc3 Bd6 5. e3 Bxf4 6. exf4 0-0 7. Bd3 b6 8. 0-0 Bb7 9. h3 Nc6 10. Ne5 Ne4 11. Nxe4 dxe4 12. Bxe4 Nxd4 13. f3 Bxe4 14. fxe4 f6 15. Ng4 f5 16. exf5 exf5 17. Ne3 Re8 18. Nc4 Qd5 19. b3 Qc5 20. c3 Ne2+ 21. Kh1 Re4 22. Nd2 Ng3+ 23. Kh2 Nxf1+ 24. Qxf1 Re6 25. b4 Qxc3 26. Rd1 Rd8 27. g4 fxg4 28. hxg4 Rh6+ 29. Kg2 Qh3+ 30. Kf2 Qxf1+ 31. Rxf1 Rxd2+ 32. Ke3 Rxa2 33. g5 Rh3+ 34. Ke4 Ra4 35. f5 Rxb4+ 36. Ke5 Kf7 37. f6 gxf6+ 38. Rxf6+ Ke7 39. Re6+ Kd7 40. Kf5 Rf3+ 41. Ke5 Re3+ 42. Kf5 Rxe6 43. g6 hxg6+ 44. Kg5 Rb5+ 45. Kh6 g5+ 46. Kh5 g4+ 47. Kxg4 Re4+ 48. Kf3 Ra4 49. Ke3 Rb3+ 50. Kd2 Ra2+ 51. Kc1 Rh3 52. Kb1 Rg2 53. Kc1 Rh1# 0-1

[Event "GER-chT School WK 4"]
[Site "Playchess.com INT"]
[Date "2020.06.16"]
[Round "4.4"]
[White "Woll, Theo"]
[Black "Gyacsok, Dzvinka"]
[Result "0-1"]
[WhiteElo "1527"]
[BlackElo "1601"]
[PlyCount "120"]
[EventDate "2020.06.16"]
[EventType "team-swiss (blitz)"]
[EventRounds "5"]
[EventCountry "GER"]
[SourceTitle "EXT 2021"]
[Source "ChessBase"]
[SourceDate "2020.10.23"]
[SourceVersion "1"]
[SourceVersionDate "2020.10.23"]
[SourceQuality "1"]
[WhiteTeam "Gernsheim Gymn"]
[BlackTeam "Ingelheim Muenster Gymn"]
[WhiteTeamCountry "GER"]
[BlackTeamCountry "GER"]

1. e4 e5 2. Nf3 Nc6 3. Bc4 Bc5 4. Nc3 Nf6 5. d3 h6 6. Be3 Bb6 7. 0-0 0-0 8. h3 d6 9. Qe2 Be6 10. b3 Nd4 11. Bxd4 Bxd4 12. Nxd4 exd4 13. Nb5 Bxc4 14. bxc4 c6 15. Na3 Re8 16. Nb1 Qa5 17. Nd2 Qg5 18. Rab1 Rab8 19. Nf3 Qg6 20. Nh4 Qg5 21. Nf3 Qa5 22. Ra1 Qc3 23. a3 Qa5 24. Nxd4 d5 25. cxd5 cxd5 26. e5 Nd7 27. Qg4 Nxe5 28. Qg3 Ng6 29. h4 Qc3 30. Nf5 Qe5 31. Qg4 Rbc8 32. d4 Qe2 33. f3 Qxc2 34. h5 Re6 35. Rfe1 Rce8 36. Rxe6 Rxe6 37. Kf1 Qd3+ 38. Kf2 Re2+ 39. Kg3 Qd2 40. hxg6 Rxg2+ 41. Kh4 Rxg4+ 42. Kxg4 fxg6 43. Ne7+ Kh7 44. f4 Qxd4 45. Rh1 Qf2 46. f5 Qg2+ 47. Kf4 Qxh1 48. Ke5 Qe1+ 49. Kxd5 Qxe7 50. Kd4 b5 51. Kd5 Qxa3 52. Kc6 b4 53. Kc5 b3+ 54. Kc4 b2 55. Kd4 b1Q 56. Kd5 Qbb4 57. Kc6 Qa6+ 58. Kd7 Qbb7+ 59. Ke8 Qac6+ 60. Kf8 Qcc8# 0-1